| 000 | 00372nam a2200157Ia 4500 | ||
|---|---|---|---|
| 008 | 230312s9999||||xx |||||||||||||| ||und|| | ||
| 020 | _a1-84996-174-5 | ||
| 082 |
_a629.134 _bWOO-S |
||
| 100 | _aWood;David | ||
| 245 | 0 | _aSmall Wind Turbines | |
| 260 |
_bSpringer _aUSA _c2011 |
||
| 300 | _a270 | ||
| 546 | _aEng. | ||
| 650 |
_aAviation _vSmall Wind Turbines |
||
| 942 | _cBK | ||
| 999 |
_c7294 _d7294 |
||